Countries of Asia by Population - Statistics

General Stats
  • This quiz has been taken 30 times
  • The average score is 37 of 47
Answer Stats
Letter Country % Correct
C China
100%
I India
100%
I Indonesia
100%
J Japan
100%
P Pakistan
100%
B Bangladesh
96%
T Thailand
92%
V Vietnam
92%
I Iran
88%
T Turkey
88%
A Afghanistan
83%
I Iraq
83%
P Phillipines
83%
U Uzbekistan
83%
Y Yemen
83%
K Kazakhstan
79%
M Myanmar
79%
N Nepal
79%
O Oman
79%
Q Qatar
79%
S Syria
79%
B Bahrain
75%
G Georgia
75%
K Kuwait
75%
M Malaysia
75%
S Saudi Arabia
75%
S South Korea
75%
T Taiwan
75%
A Armenia
71%
A Azerbaijan
71%
B Bhutan
71%
B Brunei
71%
C Cambodia
71%
E East Timor
71%
K Kyrgyzstan
71%
L Lebanon
71%
M Maldives
71%
N North Korea
71%
S Singapore
71%
T Tajikistan
71%
U United Arab Emirates
71%
C Cyprus
67%
J Jordan
67%
L Laos
67%
T Turkmenistan
67%
M Mongolia
63%
S Sri Lanka
63%
No matching quizzes found
Score Distribution
Percent of People with Each Score
Percentile by Number Answered
Your Score History
You have not taken this quiz